Państwa produkujące najwięcej czosnku. - Statystyki

Ogólne statystyki
  • Ten quiz został rozwiązany 110 razy
  • Średni wynik to 5 z 10
Statystyki odpowiedzi
Tony w tysiącach Odpowiedź % Poprawnych
22274 Chiny
96%
260 Stany Zjednoczone
93%
212 Rosja
88%
1721 Indie
82%
273 Hiszpania
59%
286 Egipt
37%
332 Korea Południowa
26%
462 Bangladesz
21%
207 Mjanma
21%
255 Uzbekistan
7%
Nie znaleziono quizów pasujących do podanych kryteriów
Rozkład punktacji
Procent ludzi z każdym wynikiem
Percentyl według liczby udzielonych odpowiedzi
Twoja historia wyników
Nie rozwiązałeś tego quizu